[Event "Rouen op 9th"]
[Site "Rouen"]
[Date "2016.12.20"]
[Round "7"]
[White "Roussel, Maxime"]
[Black "Guillaumat, Jean Pierre"]
[Result "0-1"]
[WhiteElo "1587"]
[BlackElo "1794"]
[PlyCount "100"]
[EventDate "2016.12.17"]
[EventType "swiss"]
[EventRounds "7"]
[EventCountry "FRA"]
[SourceTitle "CBM 176 Extra"]
[Source "ChessBase"]
[SourceDate "2017.03.02"]
[SourceVersion "1"]
[SourceVersionDate "2017.03.02"]
[SourceQuality "1"]

1. d4 Nf6 2. Nf3 d5 3. e3 e6 4. Bd3 c5 5. c3 Nc6 6. Nbd2 cxd4 7. exd4 Bd6 8. 0-0 0-0 9. Re1 Re8 10. Nf1 e5 11. dxe5 Nxe5 12. Nxe5 Bxe5 13. Bg5 h6 14. Bh4 Bg4 15. Qa4 Bd7 16. Qb3 Bc6 17. Bb5 Qd6 18. Rad1 Qc5 19. Bxc6 bxc6 20. Ne3 Ne4 21. Nxd5 cxd5 22. Rxd5 Qc7 23. Bg3 Bxg3 24. hxg3 Nf6 25. Rxe8+ Rxe8 26. Rd1 Re2 27. Qb5 Re5 28. Qb3 Ne4 29. Rd5 Rxd5 30. Qxd5 Nf6 31. Qa8+ Kh7 32. Qf3 Qe5 33. Qd3+ g6 34. Kf1 Kg7 35. Qe2 Qf5 36. Qd1 h5 37. b3 Qe4 38. f3 Qe5 39. Qe1 Qf5 40. Qd1 Kh7 41. Qd2 Ng4 42. Ke2 Qe5+ 43. Kd1 Ne3+ 44. Kc1 Nf5 45. f4 Qe4 46. Qd7 Kg7 47. Qxa7 Qxg2 48. c4 Qxg3 49. Qc7 Qe3+ 50. Kb2 h4 0-1